000 00388nam a2200169Ia 4500
001 30202
003 IN-NITTTR
005 20251114233409.0
008 251113s9999||||xx |||||||||||||| ||eng||
040 _beng
040 _cIN-NITTTR
041 _aeng
082 _a621.3192 N599E
100 _aNilsson, James W.
245 0 _aElectric circuits /
_cNilsson, James W.
942 _2ddc
_cBK
999 _c32830
_d32830